000
00306nam a22001337a 4500
008
180831b xxu||||| |||| 00| 0 eng d
020
_a
67508
041
_a
eng
080
_a
710
100
_a
45
101
_a
ART
245
_a
GOYA - Color Slide Program of the Great Masters
_c
Goya, F
942
_2
udc
_c
BK
999
_c
47418
_d
47418